BIBLIOTECA

SENCICO

Ortografía : (Registro nro. 3703)

Detalles MARC
000 -LEADER
fixed length control field 01078nam a22002537a 4500
003 - CONTROL NUMBER IDENTIFIER
control field PE SENCICO BE
005 - DATE AND TIME OF LATEST TRANSACTION
control field 20251020182622.0
008 - FIXED-LENGTH DATA ELEMENTS--GENERAL INFORMATION
fixed length control field 221219b |||||||| |||| 00| 0 eng d
020 ## - INTERNATIONAL STANDARD BOOK NUMBER
International Standard Book Number 978-607-707-041-2
040 ## - CATALOGING SOURCE
Original cataloging agency PE SENCICO BE
Transcribing agency PE SENCICO BE
041 ## - LANGUAGE CODE
Language code of text/sound track or separate title spa
082 ## - DEWEY DECIMAL CLASSIFICATION NUMBER
Classification number 461.52
Item number P19
100 1# - MAIN ENTRY--PERSONAL NAME
9 (RLIN) 304
Personal name Palacio Rivera, Jesús
Relator term autor
245 1# - TITLE STATEMENT
Title Ortografía :
Remainder of title manual práctico para escribir mejor /
Statement of responsibility, etc. Jesús Palacio Rivera
250 ## - EDITION STATEMENT
Edition statement 1a ed.
260 ## - PUBLICATION, DISTRIBUTION, ETC.
Place of publication, distribution, etc. México, D. F. :
Name of publisher, distributor, etc. Alfaomega ;
Date of publication, distribution, etc. 2010
300 ## - PHYSICAL DESCRIPTION
Extent xv, 222 p. :
Dimensions 23 cm.
505 0# - FORMATTED CONTENTS NOTE
Formatted contents note La acentuación -- La puntuación -- Ortografía de las letras -- Ortografía y gramática.
520 3# - SUMMARY, ETC.
Summary, etc. Reúne todas las variantes de doble escritura o doble pronunciación de muchos vocablos en español y multitud de palabras extranjeras, sobre todo procedente del inglés y del francés, que hemos admitido en nuestra habla en los últimos años.
650 10 - SUBJECT ADDED ENTRY--TOPICAL TERM
Topical term or geographic name entry element Lengua española
9 (RLIN) 222
650 20 - SUBJECT ADDED ENTRY--TOPICAL TERM
Topical term or geographic name entry element Ortografía
9 (RLIN) 3079
910 ## - USER-OPTION DATA (OCLC)
-- hfp
-- hfp
942 ## - ADDED ENTRY ELEMENTS (KOHA)
Source of classification or shelving scheme Dewey Decimal Classification
Koha item type Libros
Classification part 461.52
Item part P19
Existencias
Fecha de la última vez que lo usaron Número de ingreso o de inventario Pago total Signatura topográfica completa Código de barras Precio efectivo desde Tipo de documento Estado perdido Sistema de clasificación Estado dañado No es para préstamo Retirado Ubicación permanente Ubicación actual Fecha de adquisición
19/12/2022 16364   461.52/P19 BibLima25050017 19/12/2022 Libros   Dewey Decimal Classification       Biblioteca Central Lima Biblioteca Central Lima 19/12/2022